• 首页
  • 本馆介绍
  • 公告通知
  • 最新文献
  • 馆藏检索
  • 电子资源
  • 读者导购
  • 参考咨询
  • 我的图书馆
  • 登录
  • 详细信息显示
  • 放入我的书架
  • 预约/预借图书
  • 作者相关作品
  • 分类相关作品
  • 丛书相关作品
  • 出版社相关作品

书目信息

  • 表格格式
  • 工作单格式
  • 卡片格式
题名:
应用高等数学
    
 
作者: 希尔德布兰德 , Hildebrand 著 ;陈绶章 , 张志强 译
分册: 下册  
出版信息: 北京   人民教育出版社  1980
页数: 211页
开本: 21cm
丛书名:
单 册:
中图分类: O29
科图分类:
主题词: 高等数学:应用数学 , 应用数学:高等数学
电子资源:
ISBN:
000 00793nam0 2200265 45
001 0180006810
005 20060813111817.96
010    @dCNY0.61
091    @a13012.0531
100    @a19960215d1980 em y0chiy0121 ea
101 1  @achi@ceng
102    @aCN@b110000
105    @ay z 000yy
200 10 @a应用高等数学@Aying yong gao deng shu xue@h下册@f(美)希尔德布兰德(F.B.Hildebrand)著@g陈绶章,张志强译
210    @a北京@c人民教育出版社@d1980
215    @a211页@d21cm@c插图
606    @a高等数学:应用数学
606    @a应用数学:高等数学
690    @aO29@v3
701  1 @a希尔德布兰德@Axi er de bu lan de@bF.B.@4著
701 A1 @aHildebrand@bF.B.@4著
702  0 @a陈绶章@Achen shou zhang@4译
702  0 @a张志强@Azhang zhi qiang@4译
801  0 @aCN@bNLC@c20060813
905    @dO29@e11:3
    
    应用高等数学.下册/(美)希尔德布兰德(F.B.Hildebrand)著/陈绶章,张志强译.-北京:人民教育出版社,1980
    211页;21cm:插图
    
    
    ISBN :CNY0.61
    
●
相关链接 在E读中查询图书 在五车中查询图书 在当当中查询图书 在豆瓣中查询图书


正题名:应用高等数学     索取号:O29/11:3         预约/预借

序号 登录号 条形码 馆藏地/架位号 状态 备注
1 0130053   001446607   第三借阅区/ [索取号:O29/11:3] 在馆    
2 0130054   001446590   第三借阅区/ [索取号:O29/11:3] 在馆    
3 0130055   001446625   第三借阅区/ [索取号:O29/11:3] 在馆    
4 0130056   001446634   第二样本阅览室/ [索取号:O29/11:3] 在馆    
5 0455257   204552572   密集书库/ [索取号:O29/11:3] 在馆    
唐山师范学院图书馆 欢迎您!
大连网信软件有限公司© 版权所有